[Event "Barcelona CC-ch Amateurs A"]
[Site "Barcelona"]
[Date "2019.06.19"]
[Round "7"]
[White "Alvarez Justo, Elias"]
[Black "Alcaraz Lopez, Francesco"]
[Result "1/2-1/2"]
[WhiteElo "1741"]
[BlackElo "1850"]
[PlyCount "66"]
[EventDate "2019.06.11"]
[EventType "tourn"]
[EventRounds "9"]
[EventCountry "CAT"]
[SourceTitle "EXT 2020"]
[Source "ChessBase"]
[SourceDate "2019.10.17"]
[SourceVersion "1"]
[SourceVersionDate "2019.10.17"]
[SourceQuality "1"]

1. e4 d6 2. d4 Nf6 3. Nc3 g6 4. Nf3 Bg7 5. h3 0-0 6. Be3 Nc6 7. Be2 e5 8. dxe5 Nxe5 9. Nxe5 dxe5 10. Qxd8 Rxd8 11. Bg5 c6 12. 0-0 h6 13. Be3 Be6 14. Rfd1 Nd7 15. Rd2 Kf8 16. Rad1 Ke8 17. a3 Bf8 18. g4 Nb6 19. Rxd8+ Rxd8 20. a4 Rxd1+ 21. Bxd1 g5 22. b3 Kd7 23. Ne2 Nc8 24. Ng3 b6 25. Nf5 Bxf5 26. gxf5 f6 27. Kg2 Nd6 28. f3 Ne8 29. Be2 Ng7 30. Bc4 Nh5 31. Bd2 Nf4+ 32. Kg3 a5 33. Bxf4 exf4+ 1/2-1/2

[Event "Barcelona CC-ch Amateurs A"]
[Site "Barcelona"]
[Date "2019.06.18"]
[Round "6"]
[White "Romero Funieles, Rafael de Jesus"]
[Black "Alvarez Justo, Elias"]
[Result "0-1"]
[WhiteElo "1656"]
[BlackElo "1741"]
[PlyCount "59"]
[EventDate "2019.06.11"]
[EventType "tourn"]
[EventRounds "9"]
[EventCountry "CAT"]
[SourceTitle "EXT 2020"]
[Source "ChessBase"]
[SourceDate "2019.10.17"]
[SourceVersion "1"]
[SourceVersionDate "2019.10.17"]
[SourceQuality "1"]

1. e4 e6 2. c4 d5 3. cxd5 exd5 4. exd5 Nf6 5. Bb5+ Nbd7 6. Nc3 Bd6 7. Qe2+ Qe7 8. Qxe7+ Bxe7 9. Nf3 0-0 10. 0-0 Nb6 11. Re1 Bd6 12. d4 a6 13. Bd3 Nbxd5 14. Bg5 Be6 15. h3 Rfe8 16. Nd2 h6 17. Bxf6 Nxf6 18. Nce4 Nxe4 19. Bxe4 Rab8 20. Bf3 Bd7 21. a3 Be7 22. Rac1 Bg5 23. Rxe8+ Rxe8 24. Rf1 Bc6 25. Bg4 Rd8 26. Rd1 Bf6 27. d5 Bd7 28. Bf3 b5 29. d6 c5 30. Ne4 0-1